Fünfzig Fabeln für Kinder /

Hlavní autor: Hey, Wilhelm, 1789-1854
Další autoři: Speckter, Otto, 1807-1871
Jazyk: Němčina
Vydáno: Zu Leipizg : Insel Verlag, [1920]
Edice: Insel-Bücherei
Fyzický popis: 50 stran : ilutrace ; 19 cm
Language note: Tištěno švabachem
Knihy
Uloženo v:
LEADER 00943nam a22002897i 4500
001 001882989
003 CZ BrMZK
005 20240116161501.0
007 ta
008 240116s1920 gw a er|||||||||||ger d
040 |a BOA001  |b cze  |e rda 
100 1 |a Hey, Wilhelm,  |d 1789-1854  |7 xx0200026  |4 aut 
245 1 0 |a Fünfzig Fabeln für Kinder /  |c von W. Hey ; Mit Bildern von Otto Speckter 
264 1 |a Zu Leipizg :  |b Insel Verlag,  |c [1920] 
300 |a 50 stran :  |b ilutrace ;  |c 19 cm 
336 |a text  |b txt  |2 rdacontent 
337 |a bez média  |b n  |2 rdamedia 
338 |a svazek  |b nc  |2 rdacarrier 
490 1 |a Insel-Bücherei ;  |v Nr. 309 
546 |a Tištěno švabachem 
700 1 |a Speckter, Otto,  |d 1807-1871  |7 xx0106527  |4 ill 
830 0 |a Insel-Bücherei 
910 |a BOA001  |b 1-0086.853,309 
990 |a BK 
993 |a Y 
991 |b 202401 
996 6 |b 2618758661  |c 1-0086.853,309  |l MZK  |r Sklad / do 1 hodiny  |n 0  |w 001950701  |u 000010  |a 1  |e BOA001  |j MZK50  |s P